Córdoba : (Record no. 48888)

MARC details
000 -LEADER
campo de control de longitud fija 00875nam a2200229 i 4500
001 - NÚMERO DE CONTROL
campo de control 48888
003 - IDENTIFICADOR DE NÚMERO DE CONTROL
campo de control ES-MaACL
005 - FECHA Y HORA DE LA ÚLTIMA TRANSACCIÓN
campo de control 20250730050440.0
007 - CAMPO FIJO DE DESCRIPCIÓN FÍSICA--INFORMACIÓN GENERAL
campo de control de longitud fija t|
008 - DATOS DE LONGITUD FIJA--INFORMACIÓN GENERAL
campo de control de longitud fija 030701s1981 sp ||||1| spa d
020 ## - NÚMERO INTERNACIONAL ESTÁNDAR DEL LIBRO
Número Internacional Estándar del Libro 84-7231-617-3
245 00 - MENCIÓN DEL TÍTULO
Título Córdoba :
Resto del título apuntes para su historia /
Mención de responsabilidad, etc. Antonio Domínguez Ortiz ... [et al.].
260 ## - PUBLICACIÓN, DISTRIBUCIÓN, ETC.
Lugar de publicación, distribución, etc. Córdoba :
Nombre del editor, distribuidor, etc. Monte de Piedad y Caja de Ahorros,
Fecha de publicación, distribución, etc. 1981.
300 ## - DESCRIPCIÓN FÍSICA
Extensión 251 p. ;
Dimensiones 24 cm.
504 ## - NOTA DE BIBLIOGRAFÍA, ETC.
Nota de bibliografía, etc. Bibliografía: p. 103-105.
594 ## - Nota al título y mención de responsabilidad
Nota al título y mención de responsabilidad Recoge el ciclo de conferencias celebrado en mayo de 1980, como homenaje a Juan González Crespo, catedrático del INB Góngora de Córdoba.
651 #4 - PUNTO DE ACCESO ADICIONAL DE MATERIA--NOMBRE GEOGRÁFICO
Nombre geográfico Córdoba (Provincia)-
Subdivisión general Historia.
9 (RLIN) 153461
700 1# - ENTRADA AGREGADA--NOMBRE PERSONAL
Nombre de persona Domínguez Ortiz, Antonio,
Fechas asociadas al nombre 1909-2003
9 (RLIN) 45233
710 2# - ENTRADA AGREGADA--NOMBRE DE ENTIDAD CORPORATIVA
Nombre de entidad corporativa o nombre de jurisdicción como elemento de entrada Monte de Piedad y Caja de Ahorros de Córdoba.
9 (RLIN) 5763
852 4# - LOCALIZACIÓN
Ubicación ES-MaACL
Número de control de estantería L-1466
Holdings
Estatus retirado Estado de pérdida Estado de daño No para préstamo Biblioteca de origen Biblioteca actual Ubicación en estantería Fecha de adquisición Fuente de adquisición Total de préstamos Signatura topográfica completa Código de barras Visto por última vez Precio de reemplazo Tipo de ítem Koha
        Biblioteca del Ateneo de Madrid Biblioteca del Ateneo de Madrid Depósito 2 17/01/2008     L-1466 1051448 23/02/2023 23/02/2023 Libro impreso